| 000 | 01365nam a2200265Ia 4500 | ||
|---|---|---|---|
| 999 |
_c39172 _d39172 |
||
| 001 | 5755 | ||
| 003 | GE_BSU | ||
| 005 | 20191024172103.0 | ||
| 008 | 181216s2012||||ge |||||||||||||| ||geo|| | ||
| 040 | _cGE_BSU | ||
| 041 | _ageo | ||
| 080 | _a821.353.1-32 ქ-88 | ||
| 100 |
_aქურხული, ბექა _95010 |
||
| 245 |
_aზაფხულის მოკლე ღამე : _bმოთხრობები / _cბექა ქურხული; პროექტის იდეა ბესო ხვედელიძე ; სარედ. ჯგ.: ზაალ ჩხეიძე, მანანა ჯანელიძე, ირმა ხარშილაძე. |
||
| 264 |
_aთბილისი : _bპალიტრა L, _c2012. |
||
| 300 |
_a320 გვ. ; _b20 სმ. |
||
| 490 |
_aახალი ქართული ლიტერატურა _vწ. 17 _xISSN 2233-3010 |
||
| 541 | _h3ლ. | ||
| 653 | _aმოთხრობები | ||
| 700 |
_aხვედელიძე, ბესო _eრედაქტორი _92243 |
||
| 700 |
_aჩხეიძე, ზაალ _eრედაქტორი _92244 |
||
| 700 |
_aჯანელიძე, მანანა _eრედაქტორი _91323 |
||
| 700 |
_aხარშილაძე, ირმა _eრედაქტორი _91324 |
||
| 942 |
_cBK _2udc |
||